00484nam a2200157 a 450000500170000000800410001702000180005805000230007610000230009924500640012225000120018626000340019830000380023265000370027070000190030720140310183338.0061025s19uu xx 00 eng d a9780071106313 aT 353b.B4515 2007 aBertoline, Gary R. aFundamentals of graphics communication /cGary R. Bertoline a5th ed. aBoston :bMcGraw-Hill,c2007. aI-6, 655 cm.bcol. ill. ;c26 cm. aEngineering graphicsxTextbooks. aWiebe, Eric N.